Normal view
MARC view
Entry Personal Name
001 - CONTROL NUMBER
- control field: 347155
003 - CONTROL NUMBER IDENTIFIER
- control field: OSt
005 - DATE AND TIME OF LATEST TRANSACTION
- control field: 20220926043028.0
008 - FIXED-LENGTH DATA ELEMENTS
- fixed length control field: 220926|| aca||aabn | a|a d
040 ## - CATALOGING SOURCE
- Original cataloging agency: OSt
- Transcribing agency: OSt
100 ## - HEADING--PERSONAL NAME
- Personal name: Planning Conference on Informaiton Transfer Experiments (Massachusetts)(1965)
670 ## - SOURCE DATA FOUND
- Source citation: Work cat.: (OSt)671299: Planning Conference on Informaiton Transfer Experiments (Massachusetts)(1965) 347154, Report Ed by Carld F J Overhage and R Joyce Harma, 1965
